MDQL
is popping MORE tags! Check the
thread
!
Quizzes
Events
Quiz Creation
Community
Videos
Private Events
Remove Ads
Sign In
Join for FREE
Feedback
Dark Mode
Quiz Categories
Sports
Geography
Music
Movies
Television
Just For Fun
Miscellaneous
History
Literature
Language
Science
Gaming
Entertainment
Religion
Holiday
For Kids
Quiz Lab
Recent
Popular Today
Quiz Kudos Today
Editor Picks
Curator Picks
Quizzes by...
Day
Popularity
Type
Ratings
Length
Year
Community
Subscriptions
Recent Discussions
Orange Saloon
Badges
Playlists
Quests
Create
Leaderboards
Showdown
Live 5
Trivia Bingo
Activity
Puzzle Library
Sporcle Events
Private Events
Virtual Trivia
Globe League
Become a Host
Pub Owners
SporcleCon
Opinionation
Our Games
Videos
Blog
Mobile Apps
Partnerships
Remove Ads and Go Orange
Feedback
Geography
Country
Landmarks
City
State
Population
World
Capital
Continent
Flags
Europe
Africa
Asia
South America
North America
Oceania
Border
Canada
United Kingdom
Topography
United States
Geography
Country
Landmarks
City
State
Population
World
Capital
Continent
Flags
Europe
Africa
Asia
South America
North America
Oceania
Border
Canada
United Kingdom
Topography
United States
Random Quiz
Search Sporcle
×
Quiz Lab
Quiz Lab
Geography
Canada
Type in answers that appear in a list
Type in answers that appear in a list
Classic
Best Score? Go Orange.
Canada's largest metros (100k+) Stats
Can you name the metropolitan areas in Canada with over 100k population?
By
joshfan1729
7m
33 Questions
195 Plays
195 Plays
195 Plays
Comments
Comments
Give Quiz Kudos
Give Quiz Kudos
-
- Ratings
hide this ad
More Info
Replay
Link that replays current quiz
Next Quiz
Link to next quiz in quiz playlist
You Got
0%
They Got
Avg Score
76%
Avg Friend Score
Upgrade to see
Score Distribution
Jump to the score distribution portion of the page
Score
0/33
Timer
07:00
0
Plays Today
Province
Metro
% Correct
Ontario
Toronto
100%
Québec
Montréal
99.5%
British Columbia
Vancouver
99.5%
Alberta
Calgary
99%
Ontario-
Québec
Ottawa-Gatineau
99%
Manitoba
Winnipeg
99%
Alberta
Edmonton
97.9%
Québec
Québec
96.9%
Nova Scotia
Halifax
96.4%
Saskatchewan
Saskatoon
93.8%
Saskatchewan
Regina
92.8%
Ontario
London
90.8%
Newfoundland and Labrador
St. John's
90.8%
British Columbia
Victoria
89.7%
New Brunswick
Saint John
88.7%
Ontario
Hamilton
87.7%
Ontario
Windsor
83.6%
Province
Metro
% Correct
Ontario
Kitchener-Cambridge-Waterloo
74.9%
Ontario
St. Catharines-Niagara
74.4%
New Brunswick
Moncton
72.3%
British Columbia
Kelowna
68.2%
Ontario
Sudbury
66.7%
Ontario
Thunder Bay
66.7%
Ontario
Oshawa
62.6%
Ontario
Kingston
62.6%
Québec
Trois-Rivières
60.5%
British Columbia
Abbotsford-Mission
59.5%
Québec
Sherbrooke
59.5%
Ontario
Barrie
54.9%
Ontario
Guelph
41.5%
Ontario
Peterborough
41%
Québec
Saguenay
34.4%
Ontario
Brantford
27.2%
Quiz Playlist
Details
Report
Send in Message
Add To Playlist
More Info:
Populations are as of 2011.
Classic:
Type in answers that appear in a list
Quiz Source
Last Updated: Feb 16, 2017
Quiz Scoreboard
CHALLENGE
Sign Up to Join the Scoreboard
Show All
Scores
Hide
Comments
May contain spoilers
Recently Published
Street Fighter Characters
by Artimus82
Gaming
60s
9x9 Crossword: Cartoon Network
by jackfrog10
Miscellaneous
3m
College Basketball Coaching Resumes
by pancakes188
Sports
9m
More to Explore
Quiz From the Vault
Featured Blog Post
Where Did the Easter Bunny Come From?
hide this ad
You Might Also Like...
Tags
Canada Quiz
Population Quiz
100 000
area
largest
metro
metropolitan
Province
retro
Today's Top Quizzes in Geography
Browse Geography
hide this ad
Today's Top Quizzes in Canada
Browse Canada
Top Contributed Quizzes in Geography
1
Countries of the World - No Outlines Minefield
2
Top 25 Cities of France on a map
3
Any capital of a 'B' country per Continent
4
Any capital of a 'C' country per Continent
5
Closest Countries to UK A-Z
6
Any capital of a 'D' country per Continent
7
5-to-1: US Geography No Hints
8
Any capital of an 'E' country per Continent
9
Find the US States - No Outlines
10
Any capital of an 'F' country per Continent
Explore More
Trending Topics
Anime
Kpop
NBA
Crossword
Marvel
Disney
Harry Potter
WWE
Pokémon
Song
The Office
Country
Soccer
NFL
Puzzle
hide this ad
More By:
joshfan1729
Quiz
Plays
Rating
Category
Featured
Created
US cities with metro systems
569
3.22
Geography
Apr 3, 2012
Largest cities in the Seattle metropolitan area
540
4.83
Geography
Mar 17, 2012
US Metros 2 million+
488
4.45
Geography
Apr 17, 2012
States in Multiple Time Zones
197
5.00
Geography
Feb 25, 2012
Canada's largest metros (100k+)
195
3.00
Geography
Mar 31, 2012
Go to Creator's Profile
Score Distribution
Quiz Creator Spotlight
joshfan1729
Follow
Send a Message
Quizzes Created
-
Created Quiz Play Count
-
More By This Creator
Popular Quizzes Today
1
Find the US States - No Outlines Minefield
2
Find the Countries of Europe - No Outlines Minefield
3
The Countries of the World
4
Find the US States
5
Risky Map Clicking: Biggest States A-Z
6
US States
7
Popular People in 1961
8
Movies - When Are They Set?
More Geography Quizzes
North America: 10 Most Populous Countries
Published
Trending Quizzes
Risky Map Clicking: Least Populous States A-Z
Countries of the World: 200 Million BC
1-10 Letter G Words
Risky Map Clicking: Next State Alphabetically
Adjectives in 80s TV Shows
Recently Updated
Leaping Animals
pecheneg
Reality TV Shows (A-Z)
bhenderson79
Rickey Henderson's Hall of Fame Teammates
pecheneg
Champions League XIs: Arsenal
pecheneg
Quick Pick: Celebrities in WWE's Hall of Fame
aduchscher
A-Z Keypad Blitz II
pecheneg
Multiple Oscar Actors
pecheneg
Mystery Phrase Blitz: Oscar 'Best Actors'
pecheneg
F. Scott Fitzgerald Novels
LTH
Pick 3 Villains
ddd62291
Trending Topics
Marvel
Disney
Harry Potter
Anime
NBA
Kpop
Crossword
Pokémon
The Office
Song
WWE
Soccer
NFL
Country
Puzzle
Your Account Isn't Verified!
In order to create a playlist on Sporcle, you need to verify the email address you used during registration. Go to your
Sporcle Settings
to finish the process.
Report this User
Report this user for behavior that violates our
Community Guidelines
.
Details:
Send Report
Go to the Sporcle.com Mobile Site →
Comments